000 01117nam a2200289 i 4500
001 bg
100 1 _aALTMAN, Hans Christian.
245 1 0 _aStrategia sukcesu :
_bod Temistoklesa do Gandhiego - reguły skutecznej motywacji /
_cHans Christian Altmann ; tł. [z niem.] Małgorzata Markiewicz.
246 _iTyt. oryg.:
_aSternstunden der Führung. Die besten Motivationsstrategien der Geschichte - für Führungskräfte von heute
260 _aWarszawa :
_bBusiness Press,
_c1997.
300 _a181 s. :
_bmapy ;
_c24 cm.
490 1 _aInspiracje
500 _aOryg.: "Sternstunden der Führung. Die besten Motivationsstrategien der Geschichte - für Führungskräfte von heute" 1993.
504 _aBibliogr. s. 180-181.
650 9 _aSukces
_xzagadnienia
650 9 _aMotywacja
_xzagadnienia
650 9 _aZarządzanie
_xpsychologia
_xmetody
700 1 _aMARKIEWICZ, Małgorzata.
_eTł.
830 _aInspiracje
020 _a8390510677
040 _cBPK
041 1 _apol
_hger
080 _a65.012:159.923:929
920 _a83-905106-7-7
942 _cKS
008 s pl f |000 0 pol
999 _c31799
_d31799
856 _uhttp://koha.tu.koszalin.pl/cgi-bin/koha/opac-detail.pl?biblionumber=31799
_yKatalog online BPK